That's Toooo Many Belgiums! - Statistics

General Stats
  • This quiz has been taken 104 times
  • The average score is 10 of 12
Answers on the Map
Answers color-coded by a green-red scale on the quiz's map according to % correct below.
 
Answer Stats
Answer % Correct
Belgium (Iceland)
100%
Belgium (Lesotho)
100%
Belgium (Madagascar)
100%
Belgium (Tasmania)
100%
Belgium (United Arab Emirates)
100%
Belgium (Galapagos Island?)
97%
Belgium (Northern Ireland)
97%
Belgium (Portugal)
97%
Belgium (Crete)
95%
Belgium (New Zealand)
93%
Belgium (South Fiji?)
92%
Belgium (Rwanda)
91%
Belgium (El Salvador)
90%
Belgium (Cyprus)
89%
Belgium (Switzerland)
89%
Belgium (Bhutan)
88%
Belgium (Brunei)
88%
Belgium (Caribbean Island?)
87%
Belgium (Kyushu)
87%
Belgium (Kuwait)
86%
Belgium (Taiwan)
86%
Belgium (French Guiana)
85%
Belgium (Sri Lanka)
85%
Belgium (Crimea)
84%
Belgium (Hawaii)
83%
Belgium (Jamaica)
83%
Belgium (Chilean Island?)
81%
Belgium (Uruguay)
81%
Belgium (Russian Island?)
75%
Belgium (Java)
74%
Belgium (Hudson North Island?)
70%
Belgium (Sardinia)
65%
Belgium (Swedish Island?)
63%
Belgium (Denmark)
60%
Belgium (Prince Edward Island)
55%
Belgium (North Baffin Island?)
45%
No matching quizzes found
Score Distribution
Percent of People with Each Score
Percentile by Number Answered
Your Score History
You have not taken this quiz